[Event "20 ans"]
[Site "?"]
[Date "2016.10.22"]
[Round "2.3"]
[White "Meskovs, Nikita"]
[Black "Gharamian, Tigran"]
[Result "1/2-1/2"]
[BlackElo "2626"]
[WhiteElo "2483"]
[LiveChessVersion "1.4.6"]

1. d4 {[%clk 1:30:56]} Nf6 {[%clk 1:30:50]} 2. c4 {[%clk 1:31:20]} e6
{[%clk 1:31:14]} 3. Nc3 {[%clk 1:31:46]} Bb4 {[%clk 1:31:34]} 4. f3
{[%clk 1:32:11]} c5 {[%clk 1:31:22]} 5. d5 {[%clk 1:32:34]} O-O {[%clk 1:31:28]}
6. e4 {[%clk 1:32:58]} d6 {[%clk 1:31:42]} 7. Nge2 {[%clk 1:32:56]} a6
{[%clk 1:32:06]} 8. Nf4 {[%clk 1:30:05]} b5 {[%clk 1:14:08]} 9. Be2
{[%clk 1:22:26]} e5 {[%clk 0:50:45]} 10. Nd3 {[%clk 1:22:47]} Ba5
{[%clk 0:49:57]} 11. O-O {[%clk 1:21:05]} Nbd7 {[%clk 0:48:29]} 12. Nf2
{[%clk 1:14:02]} bxc4 {[%clk 0:39:12]} 13. Na4 {[%clk 1:13:22]} Ne8
{[%clk 0:34:28]} 14. Ng4 {[%clk 1:07:56]} Nb6 {[%clk 0:26:49]} 15. Nxb6
{[%clk 1:02:48]} Qxb6 {[%clk 0:27:12]} 16. Bxc4 {[%clk 1:00:18]} f5
{[%clk 0:15:58]} 17. exf5 {[%clk 0:56:20]} Bxf5 {[%clk 0:16:21]} 18. f4
{[%clk 0:56:45]} exf4 {[%clk 0:12:51]} 19. Rxf4 {[%clk 0:56:27]} Ra7
{[%clk 0:08:01]} 20. Qb3 {[%clk 0:25:09]} Re7 {[%clk 0:03:43]} 21. Qxb6
{[%clk 0:22:02]} Bxb6 {[%clk 0:04:07]} 22. Ne3 {[%clk 0:22:13]} Bc8
{[%clk 0:02:36]} 23. Rxf8+ {[%clk 0:22:34]} Kxf8 {[%clk 0:03:05]} 24. Bd2
{[%clk 0:20:57]} Nf6 {[%clk 0:03:30]} 25. Rf1 {[%clk 0:20:35]} Rf7
{[%clk 0:03:55]} 26. a4 {[%clk 0:18:54]} Ne4 {[%clk 0:03:09]} 27. Be1
{[%clk 0:19:23]} g6 {[%clk 0:01:26]} 28. a5 {[%clk 0:18:01]} Bc7 {[%clk 0:01:18]}
29. Bd3 {[%clk 0:18:03]} Rxf1+ {[%clk 0:01:23]} 30. Kxf1 {[%clk 0:18:28]} Nf6
{[%clk 0:01:45]} 31. b4 {[%clk 0:16:54]} cxb4 {[%clk 0:02:02]} 32. Bxb4
{[%clk 0:17:21]} Ke7 {[%clk 0:01:44]} 33. Ke2 {[%clk 0:16:03]} Bb7
{[%clk 0:01:39]} 34. Bc4 {[%clk 0:14:28]} Bb8 {[%clk 0:01:55]} 35. g4
{[%clk 0:12:01]} Ba7 {[%clk 0:01:31]} 36. g5 {[%clk 0:11:44]} Ne4
{[%clk 0:01:12]} 37. h4 {[%clk 0:12:12]} Ng3+ {[%clk 0:01:05]} 38. Kf3
{[%clk 0:12:40]} Bxe3 {[%clk 0:01:28]} 39. Kxg3 {[%clk 0:12:32]} Bd4
{[%clk 0:01:52]} 40. Bd2 {[%clk 0:12:42]} Be5+ {[%clk 0:01:49]} 41. Kf3
{[%clk 0:13:00]} Bc8 {[%clk 0:01:42]} 42. Bd3 {[%clk 0:13:09]} Bb7
{[%clk 0:02:00]} 43. Bc4 {[%clk 0:13:23]} Bc8 {[%clk 0:02:26]} 44. Bd3
{[%clk 0:13:48]} Bb7 {[%clk 0:02:53]} 45. Bc4 {[%clk 0:14:10]} 1/2-1/2

[Event "20 ans"]
[Site "?"]
[Date "2016.10.22"]
[Round "2.4"]
[White "Andriasian, Zaven"]
[Black "Kantans, Toms"]
[Result "1-0"]
[BlackElo "2476"]
[WhiteElo "2622"]
[LiveChessVersion "1.4.6"]

1. e4 {[%clk 1:30:57]} c5 {[%clk 1:30:54]} 2. Nf3 {[%clk 1:31:13]} d6
{[%clk 1:31:18]} 3. d4 {[%clk 1:31:20]} cxd4 {[%clk 1:31:40]} 4. Nxd4
{[%clk 1:31:41]} Nf6 {[%clk 1:32:05]} 5. Nc3 {[%clk 1:31:57]} a6 {[%clk 1:32:29]}
6. Be3 {[%clk 1:32:01]} Ng4 {[%clk 1:32:43]} 7. Bc1 {[%clk 1:31:47]} Nf6
{[%clk 1:33:05]} 8. h3 {[%clk 1:32:01]} e5 {[%clk 1:33:26]} 9. Nb3
{[%clk 1:31:22]} Be6 {[%clk 1:33:22]} 10. Be3 {[%clk 1:29:38]} Nc6
{[%clk 1:31:18]} 11. Qf3 {[%clk 1:25:29]} Rc8 {[%clk 1:29:47]} 12. O-O-O
{[%clk 1:22:17]} Be7 {[%clk 1:25:21]} 13. Kb1 {[%clk 1:14:30]} b5
{[%clk 1:20:41]} 14. g4 {[%clk 1:12:16]} O-O {[%clk 1:19:14]} 15. g5
{[%clk 1:12:02]} Nd7 {[%clk 1:19:16]} 16. h4 {[%clk 1:12:09]} Nb6
{[%clk 1:11:47]} 17. Bxb6 {[%clk 1:10:36]} Qxb6 {[%clk 1:12:09]} 18. Nd5
{[%clk 1:10:53]} Qa7 {[%clk 1:01:47]} 19. Bh3 {[%clk 1:09:56]} Kh8
{[%clk 0:55:58]} 20. Bf5 {[%clk 1:01:51]} g6 {[%clk 0:48:13]} 21. Bg4
{[%clk 1:01:12]} a5 {[%clk 0:38:03]} 22. h5 {[%clk 0:59:37]} Bxg5
{[%clk 0:33:51]} 23. Qg3 {[%clk 0:52:53]} a4 {[%clk 0:13:34]} 24. Nc1
{[%clk 0:39:32]} Bf4 {[%clk 0:01:10]} 25. Nxf4 {[%clk 0:36:49]} exf4
{[%clk 0:01:37]} 26. Qxf4 {[%clk 0:36:57]} Qe7 {[%clk 0:02:00]} 27. Bxe6
{[%clk 0:36:45]} Qxe6 {[%clk 0:00:55]} 28. Rxd6 {[%clk 0:34:53]} Qe5
{[%clk 0:00:57]} 29. Nd3 {[%clk 0:34:04]} Qxf4 {[%clk 0:01:15]} 30. Nxf4
{[%clk 0:34:31]} Rfd8 {[%clk 0:00:36]} 31. Rxd8+ {[%clk 0:31:31]} Rxd8
{[%clk 0:01:04]} 32. hxg6 {[%clk 0:31:45]} fxg6 {[%clk 0:01:29]} 33. Nxg6+
{[%clk 0:31:59]} Kg7 {[%clk 0:01:48]} 34. Nf4 {[%clk 0:32:09]} Rd2
{[%clk 0:02:03]} 35. Nh5+ {[%clk 0:24:41]} Kg6 {[%clk 0:00:47]} 36. f4
{[%clk 0:23:48]} Nb4 {[%clk 0:00:32]} 37. f5+ {[%clk 0:22:36]} Kg5
{[%clk 0:00:58]} 38. f6 {[%clk 0:22:25]} Rf2 {[%clk 0:00:33]} 39. e5
{[%clk 0:21:23]} Kf5 {[%clk 0:00:46]} 40. Re1 {[%clk 0:16:12]} Nxc2
{[%clk 0:00:56]} 41. Re2 {[%clk 0:08:41]} Rxe2 {[%clk 0:00:33]} 42. f7
{[%clk 0:09:02]} Nd4 {[%clk 0:00:31]} 43. f8=Q+ {[%clk 0:09:18]} 1-0

[Event "20 ans"]
[Site "?"]
[Date "2016.10.22"]
[Round "2.5"]
[White "Riff, Jean-Noel"]
[Black "Onischuk, Vladimir"]
[Result "0-1"]
[BlackElo "2602"]
[WhiteElo "2478"]
[LiveChessVersion "1.4.6"]

1. e4 {[%clk 1:30:57]} d6 {[%clk 1:30:48]} 2. d4 {[%clk 1:31:05]} Nf6
{[%clk 1:31:02]} 3. Nc3 {[%clk 1:31:29]} g6 {[%clk 1:31:27]} 4. Be3
{[%clk 1:31:30]} c6 {[%clk 1:31:31]} 5. Qd2 {[%clk 1:31:39]} Nbd7
{[%clk 1:31:37]} 6. Nf3 {[%clk 1:31:56]} e5 {[%clk 1:31:05]} 7. Bc4
{[%clk 1:32:03]} h6 {[%clk 1:30:54]} 8. O-O-O {[%clk 1:29:32]} Qe7
{[%clk 1:29:27]} 9. Bb3 {[%clk 1:27:16]} Ng4 {[%clk 1:19:48]} 10. Rhf1
{[%clk 1:24:11]} Bg7 {[%clk 1:09:16]} 11. h3 {[%clk 1:23:08]} Nxe3
{[%clk 1:09:08]} 12. fxe3 {[%clk 1:23:31]} Rf8 {[%clk 1:07:01]} 13. Kb1
{[%clk 1:08:57]} a6 {[%clk 1:02:59]} 14. a4 {[%clk 1:08:41]} b5 {[%clk 0:57:12]}
15. Qd3 {[%clk 1:02:56]} Rb8 {[%clk 0:40:07]} 16. axb5 {[%clk 0:57:20]} axb5
{[%clk 0:39:16]} 17. Rf2 {[%clk 0:57:47]} Nb6 {[%clk 0:22:36]} 18. dxe5
{[%clk 0:50:01]} dxe5 {[%clk 0:21:20]} 19. Rfd2 {[%clk 0:50:29]} Bd7
{[%clk 0:19:39]} 20. Na2 {[%clk 0:50:02]} c5 {[%clk 0:06:42]} 21. Bd5
{[%clk 0:49:51]} c4 {[%clk 0:06:45]} 22. Qc3 {[%clk 0:49:29]} Qc5
{[%clk 0:04:17]} 23. b3 {[%clk 0:33:54]} Ke7 {[%clk 0:00:54]} 24. Nxe5
{[%clk 0:30:10]} Bh8 {[%clk 0:01:23]} 25. Nxd7 {[%clk 0:26:12]} Nxd7
{[%clk 0:01:34]} 26. Qb4 {[%clk 0:26:40]} Qxb4 {[%clk 0:01:38]} 27. Nxb4
{[%clk 0:27:08]} Ne5 {[%clk 0:01:54]} 28. c3 {[%clk 0:25:35]} Rfc8
{[%clk 0:00:47]} 29. Ra2 {[%clk 0:25:59]} cxb3 {[%clk 0:00:43]} 30. Bxb3
{[%clk 0:25:57]} Kf8 {[%clk 0:00:45]} 31. Nd5 {[%clk 0:25:54]} Rb7
{[%clk 0:00:38]} 32. Ra6 {[%clk 0:25:39]} h5 {[%clk 0:00:57]} 33. Rf1
{[%clk 0:21:48]} Kg7 {[%clk 0:01:20]} 34. Raf6 {[%clk 0:20:03]} Kh6
{[%clk 0:01:10]} 35. Ra6 {[%clk 0:20:14]} Nc4 {[%clk 0:00:50]} 36. Rf2
{[%clk 0:18:48]} Be5 {[%clk 0:00:48]} 37. Rfa2 {[%clk 0:17:05]} Nd6
{[%clk 0:00:45]} 38. Bc2 Kg5 {[%clk 0:00:50]} 39. Ra8 {[%clk 0:17:17]} Rxa8
{[%clk 0:01:03]} 40. Rxa8 {[%clk 0:17:43]} Kh4 {[%clk 0:01:27]} 41. Bd3
{[%clk 0:16:55]} Kg3 {[%clk 0:01:47]} 42. Ra2 {[%clk 0:17:21]} Rb8
{[%clk 0:01:46]} 43. Kc1 {[%clk 0:15:47]} Rc8 {[%clk 0:01:42]} 44. Rc2
{[%clk 0:16:13]} Ra8 {[%clk 0:01:14]} 45. Kb2 {[%clk 0:16:02]} Nc4+
{[%clk 0:00:58]} 46. Bxc4 {[%clk 0:16:30]} bxc4 {[%clk 0:01:24]} 47. Rd2
{[%clk 0:16:37]} h4 {[%clk 0:01:20]} 48. Nb4 {[%clk 0:16:35]} Re8
{[%clk 0:00:56]} 49. Nc6 {[%clk 0:15:54]} Bh8 {[%clk 0:01:03]} 50. Nd4
{[%clk 0:16:23]} Rxe4 51. Re2 {[%clk 0:15:54]} Bg7 {[%clk 0:01:00]} 52. Kc2
{[%clk 0:16:05]} Bh6 {[%clk 0:01:09]} 53. Kd2 {[%clk 0:16:24]} f5
{[%clk 0:01:16]} 54. Ke1 {[%clk 0:15:38]} Bxe3 {[%clk 0:00:56]} 0-1

[Event "20 ans"]
[Site "?"]
[Date "2016.10.22"]
[Round "2.6"]
[White "Vocaturo, Daniele"]
[Black "Bruno, Fabio"]
[Result "1-0"]
[BlackElo "2448"]
[WhiteElo "2600"]
[LiveChessVersion "1.4.6"]

1. e4 {[%clk 1:30:53]} e6 {[%clk 1:30:47]} 2. d4 {[%clk 1:30:58]} d5
{[%clk 1:31:03]} 3. Nc3 {[%clk 1:31:14]} Nf6 {[%clk 1:30:21]} 4. e5
{[%clk 1:31:10]} Nfd7 {[%clk 1:30:39]} 5. f4 {[%clk 1:31:01]} c5 {[%clk 1:30:57]}
6. Nf3 {[%clk 1:31:06]} Be7 {[%clk 1:29:24]} 7. Be3 b6 {[%clk 1:29:36]} 8. Qd2
{[%clk 1:29:36]} O-O {[%clk 1:29:37]} 9. Nd1 {[%clk 1:19:49]} a5 {[%clk 1:28:26]}
10. c3 {[%clk 1:17:01]} a4 {[%clk 1:26:24]} 11. Bd3 {[%clk 1:07:39]} Ba6
{[%clk 1:26:16]} 12. O-O {[%clk 1:04:20]} Nc6 {[%clk 1:22:40]} 13. Bxa6
{[%clk 0:57:59]} Rxa6 {[%clk 1:23:03]} 14. f5 {[%clk 0:56:43]} exf5
{[%clk 1:15:45]} 15. Qd3 {[%clk 0:56:45]} b5 {[%clk 1:16:00]} 16. Qxf5
{[%clk 0:55:54]} Na5 {[%clk 1:11:16]} 17. Ng5 {[%clk 0:50:06]} Bxg5
{[%clk 1:02:52]} 18. Bxg5 {[%clk 0:50:19]} f6 {[%clk 0:59:31]} 19. exf6
{[%clk 0:48:07]} Nxf6 {[%clk 0:59:50]} 20. dxc5 {[%clk 0:43:44]} Nc4
{[%clk 0:59:56]} 21. Ne3 {[%clk 0:40:22]} Nxe3 {[%clk 0:32:06]} 22. Bxe3
{[%clk 0:39:17]} Ne4 {[%clk 0:32:34]} 23. Qe5 {[%clk 0:32:57]} Re8
{[%clk 0:31:04]} 24. Qd4 {[%clk 0:32:48]} Rg6 {[%clk 0:29:28]} 25. Bf4
{[%clk 0:24:41]} h6 {[%clk 0:25:56]} 26. Rad1 {[%clk 0:21:31]} Kh7
{[%clk 0:26:16]} 27. Qxd5 {[%clk 0:18:30]} Qxd5 {[%clk 0:26:02]} 28. Rxd5
{[%clk 0:18:49]} a3 {[%clk 0:26:25]} 29. bxa3 {[%clk 0:17:29]} Nxc3
{[%clk 0:26:43]} 30. Re5 {[%clk 0:17:14]} Ra8 {[%clk 0:21:32]} 31. Bc1
{[%clk 0:10:11]} Nxa2 {[%clk 0:21:16]} 32. Bb2 {[%clk 0:10:29]} b4
{[%clk 0:21:39]} 33. Rf3 {[%clk 0:09:32]} Rd8 {[%clk 0:18:47]} 34. Re2
{[%clk 0:09:55]} Rd1+ {[%clk 0:17:40]} 35. Rf1 {[%clk 0:10:08]} Rd5
{[%clk 0:16:08]} 36. Ba1 {[%clk 0:06:52]} b3 {[%clk 0:15:32]} 37. Rb2
{[%clk 0:07:10]} Nc3 {[%clk 0:06:40]} 38. Rxb3 {[%clk 0:04:52]} Rd2
{[%clk 0:06:47]} 39. g3 {[%clk 0:05:12]} Na4 {[%clk 0:07:04]} 40. Re3
{[%clk 0:04:18]} Nxc5 {[%clk 0:07:15]} 41. Bc3 {[%clk 0:04:18]} Rc2
{[%clk 0:06:28]} 42. Rf2 {[%clk 0:04:04]} Rc1+ {[%clk 0:06:45]} 43. Kg2
{[%clk 0:04:28]} Na4 {[%clk 0:04:59]} 44. Be5 {[%clk 0:04:37]} Rc5
{[%clk 0:05:07]} 45. Bf4 {[%clk 0:03:45]} Nb6 {[%clk 0:05:00]} 46. Rd3
{[%clk 0:04:08]} Ra5 {[%clk 0:04:33]} 47. Bd2 {[%clk 0:04:26]} Ra6
{[%clk 0:03:56]} 48. Bb4 {[%clk 0:04:31]} Nc4 {[%clk 0:04:16]} 49. Re2
{[%clk 0:04:54]} Ra7 {[%clk 0:02:55]} 50. Re4 {[%clk 0:05:11]} Na5
{[%clk 0:02:34]} 51. Bd2 {[%clk 0:04:34]} Nc6 {[%clk 0:02:48]} 52. a4
{[%clk 0:04:46]} Na5 {[%clk 0:02:29]} 53. Rd5 {[%clk 0:04:49]} Nb3
{[%clk 0:01:46]} 54. Be3 {[%clk 0:05:00]} Ra8 {[%clk 0:02:13]} 55. Rb5
{[%clk 0:04:33]} Na5 {[%clk 0:02:33]} 56. Bd2 {[%clk 0:04:43]} Nc6
{[%clk 0:02:43]} 57. a5 Rd6 {[%clk 0:02:42]} 58. Bc3 {[%clk 0:05:14]} Rd7
{[%clk 0:02:10]} 59. Rc5 {[%clk 0:03:39]} Rd6 {[%clk 0:01:46]} 60. Rg4
{[%clk 0:03:13]} Ra7 {[%clk 0:01:51]} 61. Rgc4 {[%clk 0:03:02]} Ra6
{[%clk 0:01:48]} 62. Rb5 {[%clk 0:03:01]} Nd8 {[%clk 0:01:19]} 63. h4
{[%clk 0:02:43]} Ne6 {[%clk 0:01:36]} 64. Rb7 {[%clk 0:02:45]} h5
{[%clk 0:01:05]} 65. Rb5 {[%clk 0:03:03]} Kg6 {[%clk 0:01:27]} 66. Kf2
{[%clk 0:02:42]} Kh6 {[%clk 0:00:45]} 67. Ke2 {[%clk 0:02:20]} Nf8
{[%clk 0:00:35]} 68. Bd2+ {[%clk 0:02:39]} Kg6 {[%clk 0:00:58]} 69. Rg5+
{[%clk 0:03:03]} Kf7 {[%clk 0:01:23]} 70. Rxh5 {[%clk 0:03:21]} Re6+
{[%clk 0:01:46]} 71. Kd3 {[%clk 0:03:12]} Nd7 {[%clk 0:01:45]} 72. Bc3
{[%clk 0:03:31]} Rad6+ {[%clk 0:01:30]} 73. Kc2 {[%clk 0:03:52]} Re2+
{[%clk 0:00:58]} 74. Kb3 {[%clk 0:04:17]} Rd1 {[%clk 0:01:13]} 75. Rg5
{[%clk 0:04:00]} Rb1+ {[%clk 0:00:46]} 76. Ka3 {[%clk 0:04:25]} Nf6
{[%clk 0:00:52]} 77. Rc7+ {[%clk 0:04:34]} Ke6 {[%clk 0:01:17]} 78. Rgxg7
{[%clk 0:04:54]} Nd5 {[%clk 0:01:01]} 79. Rc6+ {[%clk 0:05:17]} Kf5
{[%clk 0:01:25]} 80. Rg5+ {[%clk 0:05:41]} Ke4 {[%clk 0:01:45]} 81. Re5+
{[%clk 0:05:55]} 1-0

[Event "20 ans"]
[Site "?"]
[Date "2016.10.22"]
[Round "2.7"]
[White "Bellahcene, Bilel"]
[Black "Gledura, Benjamin"]
[Result "1-0"]
[BlackElo "2585"]
[WhiteElo "2475"]
[LiveChessVersion "1.4.6"]

1. d4 {[%clk 1:30:44]} Nf6 {[%clk 1:30:45]} 2. c4 {[%clk 1:31:11]} g6
{[%clk 1:31:01]} 3. Nc3 {[%clk 1:31:36]} d5 {[%clk 1:31:27]} 4. cxd5
{[%clk 1:32:03]} Nxd5 {[%clk 1:31:51]} 5. e4 {[%clk 1:32:29]} Nxc3
{[%clk 1:32:13]} 6. bxc3 {[%clk 1:32:56]} Bg7 {[%clk 1:32:31]} 7. Nf3
{[%clk 1:33:21]} c5 {[%clk 1:31:38]} 8. Be3 {[%clk 1:33:40]} Qa5 {[%clk 1:28:29]}
9. Qd2 {[%clk 1:33:57]} O-O {[%clk 1:28:29]} 10. Rc1 {[%clk 1:34:20]} Rd8
{[%clk 1:27:20]} 11. d5 {[%clk 1:34:19]} e6 {[%clk 1:26:42]} 12. Bg5
{[%clk 1:34:30]} f6 {[%clk 1:26:35]} 13. Bf4 {[%clk 1:33:55]} Nc6
{[%clk 1:22:14]} 14. Bd3 {[%clk 1:26:27]} exd5 {[%clk 1:09:44]} 15. exd5
{[%clk 1:26:42]} Ne7 {[%clk 1:07:34]} 16. d6 {[%clk 1:06:50]} Nf5
{[%clk 1:01:45]} 17. O-O {[%clk 1:02:12]} Be6 {[%clk 0:46:53]} 18. Rfe1
{[%clk 0:57:34]} Bf7 {[%clk 0:44:58]} 19. Bxf5 {[%clk 0:56:33]} gxf5
{[%clk 0:45:26]} 20. Nh4 {[%clk 0:50:00]} Qxa2 {[%clk 0:44:54]} 21. Qd3
{[%clk 0:49:31]} Qc4 {[%clk 0:42:06]} 22. Qg3 {[%clk 0:42:00]} Be6
{[%clk 0:25:34]} 23. Re3 {[%clk 0:35:07]} Re8 {[%clk 0:24:39]} 24. Rce1
{[%clk 0:33:23]} Kf8 {[%clk 0:24:59]} 25. d7 {[%clk 0:31:52]} Bxd7
{[%clk 0:24:59]} 26. Bd6+ {[%clk 0:32:10]} Kg8 {[%clk 0:25:20]} 27. Nxf5
{[%clk 0:32:19]} 1-0

[Event "20 ans"]
[Site "?"]
[Date "2016.10.22"]
[Round "2.8"]
[White "Donchenko, Alexander"]
[Black "Loiseau, Quentin"]
[Result "1/2-1/2"]
[BlackElo "2439"]
[WhiteElo "2581"]
[LiveChessVersion "1.4.6"]

1. d4 {[%clk 1:30:58]} d5 {[%clk 1:30:42]} 2. c4 {[%clk 1:31:20]} c6
{[%clk 1:31:08]} 3. Nf3 {[%clk 1:31:42]} Nf6 {[%clk 1:31:32]} 4. e3
{[%clk 1:30:03]} Nbd7 {[%clk 1:30:05]} 5. b3 {[%clk 1:30:03]} g6 {[%clk 1:30:17]}
6. Be2 {[%clk 1:29:43]} Bg7 {[%clk 1:30:31]} 7. O-O {[%clk 1:29:33]} O-O
{[%clk 1:30:52]} 8. Nc3 {[%clk 1:29:41]} e6 {[%clk 1:25:58]} 9. a4
{[%clk 1:23:38]} a5 {[%clk 1:25:27]} 10. Ba3 {[%clk 1:17:31]} Re8
{[%clk 1:25:10]} 11. b4 {[%clk 1:17:31]} axb4 {[%clk 1:23:13]} 12. Bxb4
{[%clk 1:17:49]} b6 {[%clk 1:21:04]} 13. Qb3 {[%clk 1:09:28]} c5 {[%clk 1:10:07]}
14. Ba3 {[%clk 1:09:39]} dxc4 {[%clk 1:08:23]} 15. Qxc4 {[%clk 0:49:55]} Ba6
{[%clk 1:06:19]} 16. Nb5 {[%clk 0:49:25]} Rc8 {[%clk 0:59:16]} 17. dxc5
{[%clk 0:46:21]} Nxc5 {[%clk 0:52:53]} 18. Rad1 {[%clk 0:46:17]} Qe7
{[%clk 0:52:31]} 19. Qa2 {[%clk 0:41:29]} Nfe4 {[%clk 0:49:03]} 20. Nd2
{[%clk 0:41:22]} Nxd2 {[%clk 0:27:54]} 21. Rxd2 {[%clk 0:41:39]} Red8
{[%clk 0:27:41]} 22. Rc1 {[%clk 0:38:24]} Bb7 {[%clk 0:20:40]} 23. Bf1
{[%clk 0:25:00]} Bd5 {[%clk 0:16:41]} 24. Bc4 {[%clk 0:25:00]} Ba8
{[%clk 0:14:43]} 25. Bf1 {[%clk 0:25:11]} Bd5 {[%clk 0:14:16]} 26. Bc4
{[%clk 0:25:07]} Ba8 {[%clk 0:14:39]} 27. Bf1 {[%clk 0:25:25]} Bd5
{[%clk 0:14:15]} 1/2-1/2

[Event "20 ans"]
[Site "?"]
[Date "2016.10.22"]
[Round "3.1"]
[White "Korobov, Anton"]
[Black "Antipov, Mikhail Al."]
[Result "1/2-1/2"]
[BlackElo "2557"]
[WhiteElo "2687"]
[LiveChessVersion "1.4.6"]

1. d4 {[%clk 1:30:57]} Nf6 {[%clk 1:30:54]} 2. c4 {[%clk 1:31:21]} e6
{[%clk 1:31:21]} 3. Nc3 {[%clk 1:31:42]} Bb4 {[%clk 1:31:46]} 4. Qc2
{[%clk 1:32:06]} d6 {[%clk 1:32:09]} 5. Bg5 {[%clk 1:32:02]} Nbd7
{[%clk 1:31:35]} 6. e3 {[%clk 1:32:10]} b6 {[%clk 1:28:31]} 7. Nge2
{[%clk 1:26:41]} Bb7 {[%clk 1:26:40]} 8. a3 {[%clk 1:26:44]} Bxc3+
{[%clk 1:27:04]} 9. Nxc3 {[%clk 1:27:09]} O-O {[%clk 1:19:24]} 10. f3
{[%clk 1:22:56]} h6 {[%clk 1:18:36]} 11. Bh4 {[%clk 1:23:18]} c5 {[%clk 1:19:04]}
12. Rd1 {[%clk 1:21:44]} Qe7 {[%clk 1:17:37]} 13. Be2 {[%clk 1:17:10]} d5
{[%clk 1:14:33]} 14. cxd5 {[%clk 1:13:34]} exd5 {[%clk 1:14:52]} 15. Bf2
{[%clk 1:12:10]} Rfd8 {[%clk 1:06:10]} 16. O-O {[%clk 1:12:29]} Nf8
{[%clk 1:06:36]} 17. Rfe1 {[%clk 1:11:28]} Ne8 {[%clk 1:01:00]} 18. Qf5
{[%clk 0:58:56]} Qe6 19. Qb1 {[%clk 0:58:05]} Qe7 {[%clk 0:49:22]} 20. dxc5
{[%clk 0:54:32]} bxc5 {[%clk 0:49:47]} 21. b4 {[%clk 0:54:58]} cxb4
{[%clk 0:48:25]} 22. Qxb4 {[%clk 0:54:00]} Qxb4 {[%clk 0:47:38]} 23. axb4
{[%clk 0:54:29]} Ne6 {[%clk 0:47:53]} 24. Bh4 {[%clk 0:42:18]} g5
{[%clk 0:44:10]} 25. Bg3 {[%clk 0:39:02]} Rac8 {[%clk 0:44:08]} 26. Nb5
{[%clk 0:39:06]} a6 {[%clk 0:43:59]} 27. Nd4 {[%clk 0:39:30]} Nxd4
{[%clk 0:41:33]} 28. Rxd4 {[%clk 0:39:31]} Nd6 {[%clk 0:41:54]} 29. Rd2
{[%clk 0:36:56]} Nc4 {[%clk 0:39:26]} 30. Rd3 {[%clk 0:37:24]} Re8
{[%clk 0:35:51]} 31. Bf1 {[%clk 0:34:54]} Bc6 {[%clk 0:34:09]} 32. h4
{[%clk 0:33:24]} Kg7 {[%clk 0:31:49]} 33. hxg5 {[%clk 0:32:54]} hxg5
{[%clk 0:32:18]} 34. Kf2 {[%clk 0:32:00]} f6 {[%clk 0:31:52]} 35. Rc1
{[%clk 0:30:07]} Bb5 {[%clk 0:29:00]} 36. Rdc3 {[%clk 0:26:09]} f5
{[%clk 0:24:23]} 37. Bh2 {[%clk 0:22:24]} Kf6 {[%clk 0:23:11]} 38. g4
{[%clk 0:20:35]} fxg4 {[%clk 0:20:27]} 39. fxg4 {[%clk 0:21:04]} Rcd8
{[%clk 0:19:16]} 40. Be2 {[%clk 0:16:06]} Re6 {[%clk 0:14:00]} 41. Bf3
{[%clk 0:11:16]} Nb2 {[%clk 0:11:53]} 42. Bc7 {[%clk 0:04:59]} Rd7
{[%clk 0:11:31]} 43. Be2 {[%clk 0:01:11]} d4 {[%clk 0:09:18]} 44. Bxb5
{[%clk 0:01:10]} dxc3 {[%clk 0:09:03]} 45. Bxd7 {[%clk 0:01:38]} Nd3+
{[%clk 0:09:27]} 46. Ke2 {[%clk 0:02:01]} Nxc1+ {[%clk 0:09:52]} 47. Kd1
{[%clk 0:02:29]} Nd3 {[%clk 0:06:05]} 48. Bd8+ {[%clk 0:02:19]} Kf7
{[%clk 0:06:24]} 49. Bxe6+ {[%clk 0:02:42]} Kxe6 {[%clk 0:06:51]} 50. Kc2
{[%clk 0:03:01]} Nxb4+ {[%clk 0:07:07]} 51. Kxc3 {[%clk 0:03:21]} Nc6
{[%clk 0:06:59]} 52. Bxg5 {[%clk 0:03:43]} Ne5 {[%clk 0:07:28]} 53. Kb4
{[%clk 0:04:00]} Nxg4 {[%clk 0:07:54]} 54. Ka5 {[%clk 0:04:27]} Nxe3
{[%clk 0:08:17]} 55. Bxe3 {[%clk 0:04:53]} Ke5 1/2-1/2

[Event "20 ans"]
[Site "?"]
[Date "2016.10.22"]
[Round "3.2"]
[White "Azarov, Sergei"]
[Black "Moiseenko, Alexander"]
[Result "0-1"]
[BlackElo "2648"]
[WhiteElo "2577"]
[LiveChessVersion "1.4.6"]

1. e4 {[%clk 1:30:56]} c5 {[%clk 1:30:52]} 2. Nf3 {[%clk 1:31:16]} Nc6
{[%clk 1:31:12]} 3. Bb5 {[%clk 1:30:48]} g6 {[%clk 1:31:22]} 4. Bxc6
{[%clk 1:30:12]} bxc6 {[%clk 1:31:47]} 5. d4 {[%clk 1:29:02]} Bg7
{[%clk 1:32:04]} 6. O-O {[%clk 1:17:20]} cxd4 {[%clk 1:32:13]} 7. Nxd4
{[%clk 1:17:27]} Qb6 {[%clk 1:32:31]} 8. Nb3 {[%clk 1:14:51]} d6 {[%clk 1:31:43]}
9. Nc3 {[%clk 1:07:59]} Nf6 {[%clk 1:31:59]} 10. Bf4 {[%clk 1:06:57]} O-O
{[%clk 1:25:48]} 11. e5 {[%clk 0:52:00]} dxe5 {[%clk 1:23:59]} 12. Bxe5
{[%clk 0:52:15]} Rd8 {[%clk 1:23:44]} 13. Qf3 {[%clk 0:51:07]} Bf5
{[%clk 1:15:28]} 14. Rac1 {[%clk 0:37:35]} Rac8 {[%clk 1:08:11]} 15. Na4
{[%clk 0:28:36]} Qb4 {[%clk 1:05:36]} 16. Nbc5 {[%clk 0:26:22]} Bh6
{[%clk 1:00:26]} 17. Rce1 {[%clk 0:22:36]} Bd2 {[%clk 0:34:35]} 18. Bc3
{[%clk 0:21:34]} Bxc3 {[%clk 0:34:49]} 19. bxc3 {[%clk 0:20:07]} Qc4
{[%clk 0:33:54]} 20. Rxe7 {[%clk 0:16:49]} Nd5 {[%clk 0:33:18]} 21. Qe2
{[%clk 0:13:43]} Qxa2 {[%clk 0:31:20]} 22. Rxa7 {[%clk 0:13:00]} Re8
{[%clk 0:22:25]} 23. Qa6 {[%clk 0:04:06]} Qxc2 {[%clk 0:21:11]} 24. h3
{[%clk 0:03:37]} Nxc3 {[%clk 0:19:02]} 25. Qb7 {[%clk 0:03:23]} Ne2+
{[%clk 0:15:54]} 26. Kh2 {[%clk 0:02:50]} Rf8 {[%clk 0:15:59]} 27. Qb2
{[%clk 0:01:06]} Qc4 {[%clk 0:15:22]} 28. Re1 {[%clk 0:01:02]} Qf4+
{[%clk 0:12:23]} 29. Kh1 {[%clk 0:01:27]} Nd4 {[%clk 0:12:50]} 30. Re3
{[%clk 0:00:40]} Rb8 {[%clk 0:12:32]} 31. Rb7 {[%clk 0:00:31]} Rxb7
{[%clk 0:12:40]} 32. Nxb7 {[%clk 0:00:50]} Nc2 {[%clk 0:12:18]} 0-1